Movies to Country Quiz #2 - Statistics

General Stats
  • This quiz has been taken 41 times
  • The average score is 12 of 20
Answer Stats
Movie Country % Correct
Slumdog Millionaire India
92%
Casablanca Morocco
92%
Gladiator Italy
90%
Crouching Tiger, Hidden Dragon China
87%
The Mummy Egypt
82%
Parasite South Korea
82%
Frida Mexico
74%
The Pianist Poland
69%
Saving Private Ryan France
67%
Mad Max Australia
64%
Midsommar Sweden
62%
Doctor Zhivago Russia
59%
Captain Phillips Somalia
59%
The Hurt Locker Iraq
49%
Guantanamera Cuba
46%
Crazy Rich Asians Singapore
41%
District 9 South Africa
41%
The Bridge on the River Kwai Thailand
38%
The Kite Runner Afghanistan
23%
White Mischief Kenya
15%
No matching quizzes found
Score Distribution
Percent of People with Each Score
Percentile by Number Answered
Your Score History
You have not taken this quiz